000 00644nam a2200193Ii 4500
003 JO-AjNU
008 230605s9999||||xx |||||||||||||| ||und||
040 _aJO-AjNU
_bara
_erda
_cJO-AjNU
041 _aara
050 1 4 _aTK145
100 3 _aتاليف السعيد، عبدالله ,
_eauthor
_924717
245 0 0 _aاساليب تبسيط الهندسة الكهربائية
264 3 1 _aبيروت:منشورات العصر الحديث، د.ت
300 _a104ص
336 _atext
_btxt
_2rdacontent
337 _aunmediated
_bn
_2rdamedia
338 _avolume
_bnc
_2rdacarrier
650 4 _aالهندسة الكهربائية
_924718
999 _aA9148
_c12716
_d12716